| 000 | 00779nas a2200229 4500 | ||
|---|---|---|---|
| 001 | BR9200733 | ||
| 003 | BR-BrBNA | ||
| 005 | 20231205092310.0 | ||
| 007 | ta | ||
| 008 | 230509b bl.|||p| |||| 00| 00por d | ||
| 040 |
_aBR-BrBNA _bpor _cBiblioteca Nacional de Agricultura |
||
| 041 | _a(Pt) | ||
| 072 | _aH10 | ||
| 100 | 1 | _aCassino, P.C.R. | |
| 245 | 1 | _aNova especie de aleirodideo associado a Citrus spp., no Brasil. (Homoptera, Aleyrodidae) | |
| 246 | 1 | _aA new species of white fly (Homoptera, Aleyrodidae)on citrus in Brazil | |
| 650 | _aFRUTA CITRICA | ||
| 650 | _aHOMOPTERO | ||
| 773 | 0 |
_tAnais da Sociedade Entomologica do Brasil (Brazil) _xISSN 0301-8059 _g(1991), v.20(1) p. 193-198 _wBR9200733 |
|
| 909 |
_a202311 _bLúcia _c55 _dLúcia Elande |
||
| 942 |
_2AGRIS _n0 _cANA |
||
| 999 |
_c130761 _d130761 |
||